| 000 | 01137naa a22003137a 4500 | ||
|---|---|---|---|
| 001 | BR8903252 | ||
| 003 | BR-BrBNA | ||
| 005 | 20240918180457.0 | ||
| 007 | ta | ||
| 008 | 230509b bl.||||| |||| 00| 0 por d | ||
| 040 |
_aBR-BrBNA _bpor _cBiblioteca Nacional de Agricultura |
||
| 041 | _a(Pt) | ||
| 072 |
_aF30; P33 _b0170 |
||
| 090 | _aF30 BR8903252 | ||
| 100 | 1 | _aPorto, M.P. | |
| 100 | 1 | _aSobral, L.S. | |
| 100 | 1 | _aOliveira, A.C. de | |
| 100 | 1 | _aPimentel, P.P. | |
| 111 | 1 |
_a16. Reuniao Tecnica Anual do Sorgo _cPelotas, RS (Brazil) _d11-14 Aug 1987 |
|
| 245 | 1 | _aAvaliacao preliminar da tolerancia de cultivares de sorgo granifero ao encharcamento do solo | |
| 260 | 3 |
_aCapao do Leao, RS (Brasil): _c1987. |
|
| 500 | _aAnais da 16. Reuniao Tecnica Anual do Sorgo Capao do Leao, RS (Brasil): 1987. p. 219-223 (BR8903252-AM)F30 | ||
| 650 | _aSORGO GRANIFERO | ||
| 650 | _aCOMPORTAMENTO DE VARIEDADE | ||
| 650 | _aUMIDADE DO SOLO | ||
| 773 | 0 |
_tAnais da 16. Reuniao Tecnica Anual do Sorgo _wF30 BR8903252 _gCapao do Leao, RS (Brasil), 1987. p. 219-223 |
|
| 909 |
_a202404 _bLucia _c55 _dLucia Elande |
||
| 942 |
_cAM _2AGRIS |
||
| 999 |
_c320583 _d320583 |
||